Gerhard von Rad: 1901-1971

Saved in:  
Bibliographic Details
Main Author: Smend, Rudolf 1932- (Author)
Format: Print Article
Language:German
Check availability: HBZ Gateway
Interlibrary Loan:Interlibrary Loan for the Fachinformationsdienste (Specialized Information Services in Germany)
Published: 1989
In: Deutsche Alttestamentler in drei Jahrhunderten
Year: 1989, Pages: 226-254
Standardized Subjects / Keyword chains:B Rad, Gerhard von 1901-1971
Further subjects:B Rad, Gerhard von (1901-1971)
B Biography

MARC

LEADER 00000caa a2200000 c 4500
001 395289971
003 DE-627
005 20240415212641.0
007 tu
008 040531s1989 xx ||||| 00| ||ger c
020 |a 3525535848 
035 |a (DE-627)395289971 
035 |a (DE-576)939528997X 
035 |a (DE-599)GBV395289971 
040 |a DE-627  |b ger  |c DE-627  |e rakwb 
041 |a ger 
084 |a 1  |2 ssgn 
084 |a 07  |2 bwlb 
100 1 |0 (DE-588)118615009  |0 (DE-627)079404731  |0 (DE-576)209113162  |4 aut  |a Smend, Rudolf  |d 1932- 
109 |a Smend, Rudolf 1932-  |a Smend, Rvdolfvs 1932- 
245 1 0 |a Gerhard von Rad  |b 1901-1971  |c Rudolf Smend 
264 1 |c 1989 
336 |a Text  |b txt  |2 rdacontent 
337 |a ohne Hilfsmittel zu benutzen  |b n  |2 rdamedia 
338 |a Band  |b nc  |2 rdacarrier 
600 1 7 |0 (DE-588)118597558  |0 (DE-627)142069965  |0 (DE-576)162642636  |a Rad, Gerhard von  |d 1901-1971  |2 gnd  |7 (dpeaa)DE-631 
655 7 |a Biografie  |0 (DE-588)4006804-3  |0 (DE-627)104213493  |0 (DE-576)208867147  |2 gnd-content 
689 0 0 |d p  |0 (DE-588)118597558  |0 (DE-627)142069965  |0 (DE-576)162642636  |2 gnd  |a Rad, Gerhard von  |d 1901-1971 
689 0 |5 (DE-627) 
773 0 8 |i In  |a Smend, Rudolf, 1932 -   |t Deutsche Alttestamentler in drei Jahrhunderten  |d Göttingen : Vandenhoeck u. Ruprecht, 1989  |g Göttingen, 1989. - S. 226 - 254  |h 336 Seiten  |w (DE-627)026756439  |w (DE-576)01733988X  |z 3525535848  |7 nnam 
773 1 8 |g year:1989  |g pages:226-254 
935 |a BIIN  |a BWLB 
951 |a AR 
BIB |a 1 
ELC |b 1 
ITA |a 1  |t 1 
LOK |0 000 xxxxxcx a22 zn 4500 
LOK |0 001 4238914740 
LOK |0 003 DE-627 
LOK |0 004 395289971 
LOK |0 005 20221222140111 
LOK |0 008 221222||||||||||||||||ger||||||| 
LOK |0 040   |a DE-Tue135-1  |c DE-627  |d DE-Tue135-1 
LOK |0 852   |a DE-Tue135-1 
LOK |0 852 1  |m p  |9 00 
LOK |0 852 2  |b FTH 206-Q65 SMEN  |9 00 
LOK |0 8564   |u https://bibsearch.uibk.ac.at/AC00086741 
LOK |0 935   |a inau 
LOK |0 938   |k p 
LOK |0 939   |a 22-12-22  |b l01 
ORI |a SA-MARC-ixtheoa001.raw 
SUB |a BIB 
SYA 0 0 |a Rad, G. von,1901-1971,Von Rad, Gerhard,1901-1971,Rāto, Geruharuto von,1901-1971,Rāto, Geruharuto fon,1901-1971,Rad, Gerhard von,1901-1971 
SYG 0 0 |a Rad, G. von,1901-1971,Von Rad, Gerhard,1901-1971,Rāto, Geruharuto von,1901-1971,Rāto, Geruharuto fon,1901-1971,Rad, Gerhard von,1901-1971